Aujourd'hui- Cerise Calixte (Paroles) - Statistiques

Statistiques générales
  • Ce quiz a été pris 17 fois
  • Le résultat moyen est 187 sur 255
Statistiques - réponses
Paroles % Correct
à
100%
a
100%
au
100%
Aujourd'hui
100%
Aujourd’hui
100%
ce
100%
Ce
100%
que
100%
Cette
92%
et
92%
Et
92%
il
92%
je
92%
un
92%
dans
83%
Dans
83%
de
83%
fille
83%
la
83%
83%
le
83%
Le
83%
me
83%
plus
83%
rêve
83%
te
83%
une
83%
Une
83%
bleu
75%
être
75%
fois
75%
gentille
75%
Intelligente
75%
jour
75%
les
75%
n'a
75%
nouveau
75%
n'y
75%
75%
75%
pas
75%
perdre
75%
qui
75%
regard
75%
rien
75%
se
75%
temps
75%
toi
75%
tu
75%
vois
75%
voit
75%
arriver
67%
besoin
67%
ça
67%
celle
67%
chemin
67%
du
67%
Est
67%
est
67%
étoiles
67%
guerrière
67%
lune
67%
passé
67%
sont
67%
suis
67%
Sur
67%
ton
67%
y
67%
autre
58%
cœur
58%
côté
58%
courage
58%
elle
58%
Elle
58%
en
58%
J'étais
58%
l'autre
58%
lumière
58%
mais
58%
Moi
58%
mon
58%
monde
58%
pose
58%
s'écrit
58%
t'attend
58%
voudrais
58%
banale
50%
chaque
50%
compassion
50%
croire
50%
donne
50%
fierté
50%
force
50%
grandi
50%
héro
50%
Hier
50%
j'ai
50%
J'avance
50%
L'amitié
50%
l'océan
50%
m'appelle
50%
mes
50%
poursuis
50%
réveille
50%
rêves
50%
s'émerveille
50%
sous
50%
veux
50%
c'est
42%
guide
42%
m'élève
42%
n'est
42%
près
42%
tout
42%
histoire
33%
joyau
33%
maudit
33%
restera
33%
sans
33%
cesse
25%
commence
25%
croyez
25%
éternelle
25%
Revit
25%
Aucun quiz correspondant
Distribution des résultats
% des personnes avec chaque résultat
Percentile par nombre de réponses
Votre historique - résultats
Vous n’avez pas pris ce quiz